| 000 | 00890nam a22001697a 4500 | ||
|---|---|---|---|
| 999 |
_c60812 _d60812 |
||
| 005 | 20231024163013.0 | ||
| 008 | 231024s2005 ru ||||| |||| 00| 0 rus d | ||
| 020 | _a5020102717 | ||
| 041 | _arus | ||
| 080 | _a902/904+73(47) О-56 | ||
| 100 |
_aОльховский, В. С. _920223 |
||
| 245 |
_aМонументальная скульптура населения западной части евразийских степей эпохи раннего железа / _cВ. С. Ольховский. |
||
| 264 |
_aМосква : _bНаука, _c2005. |
||
| 300 |
_a299 стр.: _bилл. ; _c27 см. |
||
| 653 | _aადრეული რკინის ხანის ევრაზიული სტეპების დასავლეთ ნაწილის მოსახლეობის მონუმენტური ქანდაკება | ||
| 942 |
_2udc _cBK |
||